Central Library OPAC University of Rajshahi

OCULAR INJURY: (Record no. 81854)

MARC details
000 -LEADER
fixed length control field 01113nam a2200253 a 4500
001 - CONTROL NUMBER
RUCL Control Number 81854
003 - CONTROL NUMBER IDENTIFIER
rucl marc code BD-RjUL
005 - DATE AND TIME OF LATEST TRANSACTION
control field 20231121102901.0
008 - FIXED-LENGTH DATA ELEMENTS--GENERAL INFORMATION
fixed length control field 230905s2013 bg a|||| m||| 00| 0 eng d
035 ## - SYSTEM CONTROL NUMBER
system control number (BD-RjUL)81854
040 ## - CATALOGING SOURCE
Original cataloging agency BD-RjUL
Language of cataloging eng
Transcribing agency BD-RjUL
Modifying agency BD-RjUL
041 ## - LANGUAGE CODE
Language code of Book eng
082 ## - DEWEY DECIMAL CLASSIFICATION NUMBER
DDC Edition number 23
Classification number 617.762
Author mark and Year KHO 2013
100 ## - MAIN ENTRY--PERSONAL NAME
Personal name KHAN, MD. ASHRAF UL KARIM
9 (RLIN) 8793
245 10 - TITLE STATEMENT
Title OCULAR INJURY:
Remainder of title CAUSES, CONSEQUENCE AND ROLE OF COMMUNITY EYE HEALTH IN THE CONTEXT OF BANGLADESH /
Statement of responsibility, etc MD. ASHRAF UL KARIM KHAN
Name of Supervisor/Co-Supervisor Principal Supervisor : M A Mannan,Co-Supervisor : Md. Shafiqul Islam
260 ## - PUBLICATION, DISTRIBUTION, ETC. (IMPRINT)
Place of publication, distribution, etc Rajshahi :
Name of publisher, distributor, etc Institute of Biological Sciences, University of Rajshahi,
Date of publication, distribution, etc 2013.
300 ## - PHYSICAL DESCRIPTION
Pagination xxviii, 229 leaves :
Other physical details ill.;
Dimensions 29 cm.
502 ## - DISSERTATION NOTE
Dissertation note Thesis(Ph.D.)-- Institute of Biological Sciences,University of Rajshahi,2013
504 ## - BIBLIOGRAPHY, ETC. NOTE
Bibliography, etc References : Leaves 60-65,106-110, 143-145,181-186,214-221,228-229
650 ## - SUBJECT ADDED ENTRY--TOPICAL TERM
Topical term or geographic name as entry element Diseases
General subdivision Ocular Injury
Form subdivision History & biography
Geographic subdivision Bangladesh
9 (RLIN) 8794
700 ## - ADDED ENTRY--SUPERVISOR/CO-SUPERVISOR NAME
Personal name Mannan, M A, Principal Supervisor
9 (RLIN) 8795
Personal name Islam, Md. Shafiqul, Co-Supervisor
9 (RLIN) 8796
942 ## - ADDED ENTRY ELEMENTS (KOHA)
Source of classification or shelving scheme Dewey Decimal Classification
Koha item type Theses
Holdings
Source of classification or shelving scheme Damaged status Not for loan Collection code Permanent Location Current Location Shelving location Date of accession Source of acquisition Total Checkouts Full call number Barcode Date last seen Copy number Thesis
Dewey Decimal Classification   Not For Loan Theses Central Library, University of Rajshahi Central Library, University of Rajshahi Documentation Section 15/12/2014 Controller of Exam. R.U.   THE 617.762 KHO 2013 D3707 05/09/2023 C-1 Theses